000 00601nam a2200217Ia 4500
003 OSt
005 20220923211847.0
006 a|||||r|||| 00| 0
007 ta
008 Pun
024 _a60,098
037 _cTextual
040 _aARTS
_cARTS
_bPun
041 _2Pun
_aPun
082 _aQ8441:2I69w, 153K9
100 _aਫੁਲ, ਗੁਰਦਿਆਲ ਸਿੰਘ
245 0 _aਨਾਨਕ ਗੁਰੂ ਪਛਾਣਹਿ ਸੇਇ
260 _c1969
942 _hQ8441:2I69w, 153K9
_cTEXL
_2CC
999 _c304158
_d304158